00378nam a2200145Ia 4500008004100000082001000041082000800051245003100059245000800090260000800098300000900106942000800115999001900123952009000142231017s9999 xx 000 0 und d a624.1 bDIA 0aDiaphragms and Shear Walls 0cAPA bAPA c30cm cREP c604036d604036 00104070aNITbNITd2023-10-17l0o624.1 DIApNIT-2830r2023-10-17w2023-10-17yREP